[Event "XXVI. Rhein-Main-Open, Gruppe A"]
[Site "Bad Homburg vor der Höhe"]
[Date "2024.05.29"]
[Round "2"]
[White "Zimmer, Gerald"]
[Black "Gerhard, Dominik"]
[Result "0-1"]
[WhiteElo "1944"]
[BlackElo "1781"]
[PlyCount "122"]
[EventDate "2024.??.??"]
[WhiteTeam "SC Bergen-Enkheim 1922"]
[BlackTeam "SV Oberursel"]

1. d4 Nf6 2. c4 g6 3. g3 c6 4. Bg2 d5 5. cxd5 cxd5 6. Nc3 Bg7 7. Nf3 Nc6 8. O-O O-O 9. Bf4 Qb6 10. Na4 Qa5 11. Ne5 Ne4 12. Nxc6 bxc6 13. f3 Nd6 14. Nc5 Nf5 15. e3 e5 16. Nb3 Qb6 17. g4 exf4 18. gxf5 Bxf5 19. e4 Be6 20. e5 Bxe5 21. Qd2 Bd6 22. Rac1 Rfc8 23. Nc5 Bf5 24. Rfe1 Re8 25. Na4 Rxe1+ 26. Rxe1 Qb4 27. Nc3 Rb8 28. Re2 Qa5 29. Qe1 Kg7 30. Rd2 Bd7 31. Re2 Qb6 32. Qd2 Re8 33. Rxe8 Bxe8 34. Bh3 Qc7 35. Ne2 c5 36. Qc3 Kg8 37. Kh1 c4 38. Qd2 g5 39. Bf5 Qe7 40. Qc2 h6 41. Kg2 Qe3 42. Bc8 Bc6 43. Bg4 Bb4 44. Kf1 Kg7 45. Qf5 Qe7 46. h4 Bd2 47. Qc2 Be3 48. Qf5 Qf6 49. hxg5 Qxg5 50. Bh3 Ba4 51. Qxg5+ hxg5 52. Bc8 Bc6 53. Kg2 Kg6 54. Kh3 f5 55. Be6 Kf6 56. Bc8 Be8 57. Nc3 Bf7 58. Bb7 Bxd4 59. Nxd5+ Ke5 60. Nc3 Bxc3 61. bxc3 Be6 0-1

[Event "XXVI. Rhein-Main-Open, Gruppe A"]
[Site "Bad Homburg vor der Höhe"]
[Date "2024.05.29"]
[Round "2"]
[White "Ziska, Stephan"]
[Black "Hoelss, Silas"]
[Result "1-0"]
[WhiteElo "1889"]
[BlackElo "1756"]
[PlyCount "75"]
[EventDate "2024.??.??"]
[WhiteTeam "SF Bürstadt"]
[BlackTeam "SSG Hungen-Lich"]

1. e4 c5 2. c3 Nf6 3. e5 Nd5 4. Bc4 Nb6 5. Bb3 c4 6. Bc2 e6 7. Nf3 d6 8. d4 cxd3 9. Qxd3 Nc6 10. Bf4 Nd5 11. Bg3 dxe5 12. Nxe5 Nxe5 13. Bxe5 Qb6 14. Ba4+ Ke7 15. b4 f6 16. Bd4 Qc7 17. Na3 Bd7 18. Bb3 Nf4 19. Qg3 Bc6 20. f3 Kf7 21. Rd1 Bd6 22. Qf2 Qe7 23. O-O b6 24. Rfe1 Bd5 25. Nb5 Bxb3 26. axb3 Rhd8 27. Be3 Ng6 28. Nd4 Rac8 29. b5 Ne5 30. c4 Bc5 31. Nc6 Bxe3 32. Nxd8+ Rxd8 33. Qxe3 Rd7 34. Rd4 Qc5 35. Rxd7+ Nxd7 36. Qxc5 Nxc5 37. b4 Nd3 38. Rd1 1-0

[Event "XXVI. Rhein-Main-Open, Gruppe A"]
[Site "Bad Homburg vor der Höhe"]
[Date "2024.05.29"]
[Round "3"]
[White "Akhmatovski, Maxim"]
[Black "Baranyai Molnar, Adam Kristof"]
[Result "1-0"]
[WhiteElo "2101"]
[BlackElo "2056"]
[PlyCount "145"]
[EventDate "2024.??.??"]
[WhiteTeam "SV Oberursel"]
[BlackTeam "SF Neuberg"]

1. d4 f5 2. c4 Nf6 3. g3 e6 4. Bg2 d5 5. Nf3 Ne4 6. O-O Be7 7. b3 h5 8. Ne5 Nc6 9. Ng6 Rh7 10. Nxe7 Qxe7 11. f3 Nd6 12. c5 Nf7 13. e4 h4 14. exd5 exd5 15. Re1 Be6 16. b4 hxg3 17. hxg3 a6 18. Nc3 O-O-O 19. b5 axb5 20. Nxb5 g5 21. Qa4 Kd7 22. Rb1 Qf6 23. Kf2 f4 24. g4 Bxg4 25. Na7 Ra8 26. Rxb7 Nfd8 27. Re5 Be6 28. Qc2 Rg7 29. Nxc6 Nxc6 30. Bb2 Nxe5 31. dxe5 Qg6 32. c6+ Ke8 33. Qb3 Bc8 34. Qxd5 Bxb7 35. cxb7 Qc2+ 36. Kg1 Qb1+ 37. Bf1 Rb8 38. Qe6+ Kd8 39. Qd5+ Ke8 40. Qb5+ Kd8 41. e6 Re7 42. Qd5+ Ke8 43. Qe5 Qh7 44. Bb5+ Kf8 45. Qf6+ Kg8 46. Qxg5+ Kf8 47. Qxf4+ Kg8 48. Qg5+ Kf8 49. Qf6+ Kg8 50. Bd3 Qg7+ 51. Qxg7+ Rxg7+ 52. Bxg7 Kxg7 53. Be4 Kf6 54. a4 c6 55. Bxc6 Kxe6 56. a5 Kd6 57. Be4 Kc5 58. a6 Kb6 59. Bd3 Ka7 60. Kf2 Rd8 61. Bc4 Rd4 62. Be2 Rh4 63. Kg3 Ra4 64. f4 Ra2 65. Kf3 Ra3+ 66. Ke4 Ra4+ 67. Ke3 Ra5 68. Bd3 Rh5 69. f5 Rh3+ 70. Ke4 Rh4+ 71. Ke5 Rh3 72. Be4 Rh8 73. f6 1-0

[Event "XXVI. Rhein-Main-Open, Gruppe A"]
[Site "Bad Homburg vor der Höhe"]
[Date "2024.05.29"]
[Round "3"]
[White "Boersch, Dieter"]
[Black "Qayumi, Roman"]
[Result "0-1"]
[WhiteElo "1764"]
[BlackElo "1889"]
[PlyCount "28"]
[EventDate "2024.??.??"]
[WhiteTeam "SK Bad Homburg 1927"]
[BlackTeam "SK Stadtallendorf"]

1. d4 d5 2. c4 c6 3. Nc3 Nf6 4. Nf3 e6 5. Bg5 Nbd7 6. e3 Qa5 7. cxd5 Nxd5 8. Qc2 Bb4 9. Rc1 Qxa2 10. Bd3 Nxc3 11. bxc3 Qxc2 12. Rxc2 Bd6 13. e4 e5 14. O-O O-O 0-1

[Event "XXVI. Rhein-Main-Open, Gruppe A"]
[Site "Bad Homburg vor der Höhe"]
[Date "2024.05.29"]
[Round "3"]
[White "Bollmann, Henrik"]
[Black "Muehlpfordt, Thomas"]
[Result "1/2-1/2"]
[WhiteElo "2084"]
[BlackElo "1990"]
[PlyCount "75"]
[EventDate "2024.??.??"]
[WhiteTeam "SC Bad Nauheim"]
[BlackTeam "SC 1997 Lambsheim"]

1. c4 c6 2. Nf3 d5 3. g3 Nf6 4. Bg2 e6 5. O-O Nbd7 6. b3 Bd6 7. Bb2 e5 8. d4 e4 9. Ne1 O-O 10. Nc3 Re8 11. Nc2 dxc4 12. bxc4 c5 13. d5 Ne5 14. Ne3 Neg4 15. Nxg4 Bxg4 16. Qc2 Bf5 17. Nd1 Bg6 18. Ne3 Nd7 19. Qc3 Be5 20. Qb3 b6 21. Bxe5 Nxe5 22. Rad1 Qd6 23. f4 exf3 24. exf3 Nd7 25. Rfe1 h5 26. Qc3 Re7 27. Bf1 Rae8 28. Ng2 Ne5 29. f4 Ng4 30. h3 Nf6 31. Rxe7 Qxe7 32. Re1 Qd7 33. Rxe8+ Nxe8 34. Nh4 Be4 35. Qe5 Nf6 36. Bg2 Bxg2 37. Kxg2 b5 38. Qb8+ 1/2-1/2

[Event "XXVI. Rhein-Main-Open, Gruppe A"]
[Site "Bad Homburg vor der Höhe"]
[Date "2024.05.29"]
[Round "3"]
[White "Busch, Lorenz"]
[Black "Papadopoulos, Ioannis"]
[Result "0-1"]
[WhiteElo "1995"]
[BlackElo "2198"]
[PlyCount "42"]
[EventDate "2024.??.??"]
[WhiteTeam "SC Bellheim"]
[BlackTeam "SV Oberursel"]

1. c4 e5 2. g3 Nf6 3. Bg2 c6 4. Nc3 d5 5. cxd5 cxd5 6. Qb3 Nc6 7. Nxd5 Nd4 8. Nxf6+ Qxf6 9. Qd1 Bf5 10. d3 Rc8 11. Kf1 Bc5 12. Nf3 O-O 13. Nxd4 Bxd4 14. e3 Bb6 15. Be4 Rfd8 16. Qe2 Bxe4 17. dxe4 Qc6 18. Bd2 Qxe4 19. f3 Qc2 20. Bc3 Rxc3 21. bxc3 Rd2 0-1

[Event "XXVI. Rhein-Main-Open, Gruppe A"]
[Site "Bad Homburg vor der Höhe"]
[Date "2024.05.29"]
[Round "3"]
[White "Carow, Johannes"]
[Black "Werner, Claus"]
[Result "1-0"]
[WhiteElo "2455"]
[BlackElo "2179"]
[PlyCount "55"]
[EventDate "2024.??.??"]
[WhiteTeam "Sfr.Heidesheim"]
[BlackTeam "SG Post/Süd Regensburg"]

1. d4 Nf6 2. c4 g6 3. f3 Bg7 4. e4 d6 5. Nc3 O-O 6. Be3 c5 7. d5 e6 8. Nge2 exd5 9. cxd5 a6 10. a4 Nbd7 11. Ng3 Ne5 12. Be2 h5 13. O-O Nh7 14. Qd2 Bd7 15. h3 h4 16. Nh1 g5 17. Nf2 Qf6 18. a5 Qg6 19. b4 cxb4 20. Na4 Bb5 21. Nb6 Nd7 22. Nxa8 Bxe2 23. Qxe2 Bxa1 24. Rxa1 Rxa8 25. Qc4 Qf6 26. Bd4 Ne5 27. Qxb4 Nf8 28. Ng4 1-0

[Event "XXVI. Rhein-Main-Open, Gruppe A"]
[Site "Bad Homburg vor der Höhe"]
[Date "2024.05.29"]
[Round "3"]
[White "Dubinker, Philipp"]
[Black "Seidel, Andre"]
[Result "1/2-1/2"]
[WhiteElo "1921"]
[BlackElo "2157"]
[PlyCount "40"]
[EventDate "2024.??.??"]
[WhiteTeam "SK Marburg 1931/72"]
[BlackTeam "SV Oberursel"]

1. Nf3 d5 2. d4 Nf6 3. c4 c6 4. Qc2 Bg4 5. Ne5 e6 6. Nxg4 Nxg4 7. h3 Nf6 8. g3 Bd6 9. Bg2 O-O 10. O-O Nbd7 11. Rd1 Qe7 12. Nc3 dxc4 13. Ne4 Nxe4 14. Bxe4 Nf6 15. Bg2 e5 16. Bg5 h6 17. Bxf6 Qxf6 18. d5 cxd5 19. Bxd5 Rab8 20. Qxc4 b6 1/2-1/2

[Event "XXVI. Rhein-Main-Open, Gruppe A"]
[Site "Bad Homburg vor der Höhe"]
[Date "2024.05.29"]
[Round "3"]
[White "Erdmann, Stefan"]
[Black "Neukirchner, Pascal"]
[Result "0-1"]
[WhiteElo "2110"]
[BlackElo "2212"]
[PlyCount "66"]
[EventDate "2024.??.??"]
[WhiteTeam "SK Bad Homburg 1927"]
[BlackTeam "SK Gründau"]

1. d4 Nf6 2. c4 c5 3. d5 b5 4. cxb5 a6 5. bxa6 g6 6. Nc3 Bg7 7. Nf3 O-O 8. a7 Rxa7 9. e4 e6 10. Be2 exd5 11. exd5 d6 12. O-O Na6 13. Nb5 Rd7 14. Bc4 Bb7 15. Qb3 Qa8 16. Rd1 Nc7 17. Nxc7 Rxc7 18. Bf4 Rd8 19. a4 Ba6 20. Bb5 Rb7 21. Qc4 Bxb5 22. axb5 Qb8 23. Ra5 Re7 24. Re1 Rxe1+ 25. Nxe1 Qb7 26. Ra6 Bf8 27. Rc6 Re8 28. Be3 Re4 29. Qa2 Qxb5 30. h3 Ra4 31. Qb1 Nxd5 32. Rc8 Nxe3 33. fxe3 Qa6 0-1

[Event "XXVI. Rhein-Main-Open, Gruppe A"]
[Site "Bad Homburg vor der Höhe"]
[Date "2024.05.29"]
[Round "3"]
[White "Eull, Emil"]
[Black "Moeller, Dustin"]
[Result "1/2-1/2"]
[WhiteElo "2113"]
[BlackElo "2182"]
[PlyCount "114"]
[EventDate "2024.??.??"]
[WhiteTeam "SF Neuberg"]
[BlackTeam "Preetzer TSV"]

1. e4 c6 2. d3 d5 3. Nf3 Qc7 4. exd5 cxd5 5. c4 dxc4 6. dxc4 e6 7. Nc3 a6 8. Be2 Nf6 9. O-O Be7 10. Be3 O-O 11. Qb3 Nbd7 12. Rfd1 Nc5 13. Qc2 b6 14. Ng5 Bb7 15. Bf3 Bxf3 16. Nxf3 Rac8 17. Rac1 h6 18. h3 Ncd7 19. b3 Ba3 20. Ra1 b5 21. Nb1 Be7 22. Nbd2 Nd5 23. Bd4 Nf4 24. Re1 Rfd8 25. Rad1 Bf6 26. Bxf6 Nxf6 27. Qb1 bxc4 28. Nxc4 Rxd1 29. Qxd1 Rd8 30. Qc2 Qc6 31. Rd1 Rd5 32. Rxd5 Qxd5 33. Nce5 Qb7 34. Qc6 Ne2+ 35. Kf1 Qxc6 36. Nxc6 Nc1 37. Nb4 Nd5 38. Nxa6 Nxa2 39. Nd4 Kf8 40. Nc6 Ke8 41. Nc5 Ne7 42. Nxe7 Kxe7 43. Ke2 Kd6 44. Ne4+ Ke5 45. Ke3 f5 46. f4+ Kd5 47. Ng3 Nc1 48. Nh5 g6 49. Nf6+ Kd6 50. Ng8 h5 51. Kf3 Nxb3 52. Kg3 Nc5 53. Kh4 Ne4 54. g4 hxg4 55. hxg4 fxg4 56. Kxg4 e5 57. fxe5+ Kxe5 1/2-1/2

[Event "XXVI. Rhein-Main-Open, Gruppe A"]
[Site "Bad Homburg vor der Höhe"]
[Date "2024.05.29"]
[Round "3"]
[White "Faqiry, Ramat"]
[Black "Feick, Claas Marten"]
[Result "1-0"]
[WhiteElo "1982"]
[BlackElo "1772"]
[PlyCount "63"]
[EventDate "2024.??.??"]
[WhiteTeam "SK Bad Homburg 1927"]
[BlackTeam "SF Neuberg"]

1. d4 f5 2. Bg5 h6 3. Bh4 g5 4. e3 Bg7 5. Qh5+ Kf8 6. Bg3 c5 7. c3 Qb6 8. Qe2 cxd4 9. cxd4 Nc6 10. h4 f4 11. Bh2 e5 12. d5 e4 13. Nc3 Ne5 14. Qd2 fxe3 15. fxe3 Ng4 16. O-O-O Qxe3 17. Qxe3 Nxe3 18. Re1 Ng4 19. Bd6+ Kf7 20. Be2 N4f6 21. Bd1 Bf8 22. Bxf8 Kxf8 23. hxg5 Ne8 24. Nxe4 d6 25. Nf3 Bf5 26. Ng3 Bg6 27. Nh4 Bf7 28. Rhf1 Kg7 29. Ngf5+ Kh7 30. Bc2 Bg6 31. Nxg6 Kxg6 32. Nxd6+ 1-0

[Event "XXVI. Rhein-Main-Open, Gruppe A"]
[Site "Bad Homburg vor der Höhe"]
[Date "2024.05.29"]
[Round "3"]
[White "Fischer, Daniel"]
[Black "Kretner, Georg Ulrich"]
[Result "0-1"]
[WhiteElo "1977"]
[BlackElo "1886"]
[PlyCount "68"]
[EventDate "2024.??.??"]
[BlackTeam "SC Bad Nauheim"]

1. Nf3 Nf6 2. g3 g6 3. b3 Bg7 4. Bb2 O-O 5. Bg2 d5 6. c4 c6 7. O-O Nbd7 8. Nc3 e5 9. cxd5 cxd5 10. Rc1 d4 11. Nb5 Qa5 12. a4 Rd8 13. b4 Qb6 14. Qb3 h6 15. e3 Ne8 16. exd4 a6 17. Na3 exd4 18. Nc4 Qa7 19. a5 Rb8 20. Rfe1 b5 21. Nce5 Nxe5 22. Nxe5 Be6 23. Qd1 Qe7 24. Nc6 Qd6 25. Nxd8 Rxd8 26. Rc5 Bd7 27. Qf3 Nc7 28. Qb7 Ne6 29. Qb6 Qe7 30. Bd5 Kh7 31. Qxa6 Nxc5 32. bxc5 Qxe1+ 33. Kg2 Qe5 34. Bxf7 Qe4+ 0-1

[Event "XXVI. Rhein-Main-Open, Gruppe A"]
[Site "Bad Homburg vor der Höhe"]
[Date "2024.05.29"]
[Round "3"]
[White "Foerster Yialamas, Lucas"]
[Black "Krause, Jonah"]
[Result "1/2-1/2"]
[WhiteElo "2116"]
[BlackElo "2345"]
[PlyCount "114"]
[EventDate "2024.??.??"]
[WhiteTeam "Sabt Frankfurter TV 1860"]
[BlackTeam "FC ST.Pauli 1910 eV SAbt"]

1. e4 c5 2. Nf3 e6 3. d4 cxd4 4. Nxd4 Nc6 5. Nc3 Qc7 6. Be3 a6 7. Be2 Nf6 8. O-O Be7 9. f4 d6 10. g4 Nxd4 11. Bxd4 e5 12. Be3 exf4 13. Rxf4 Be6 14. Qd4 O-O 15. Bd3 Qc5 16. h3 Nd7 17. Nd5 Bxd5 18. exd5 Qxd4 19. Bxd4 Bf6 20. Bxf6 Nxf6 21. c4 Nd7 22. Kf2 a5 23. Re1 Rfe8 24. Bc2 Rxe1 25. Kxe1 Ne5 26. Kd2 g5 27. Re4 b6 28. Kc3 Kg7 29. a3 Rh8 30. b4 axb4+ 31. Kxb4 Rc8 32. Rd4 Rc5 33. Bf5 h6 34. a4 Kf6 35. Re4 h5 36. Rd4 h4 37. Re4 Nd3+ 38. Kb3 Ra5 39. Re3 Nc5+ 40. Kb4 Nxa4 41. Rf3 Ke7 42. Re3+ Kd8 43. Ra3 Nc5 44. Rxa5 bxa5+ 45. Kxa5 Ke7 46. Kb6 Kf6 47. Kc6 Ke5 48. Bc2 Na6 49. Kb5 Nc7+ 50. Kc6 Na6 51. Kb5 Nc5 52. Kc6 f6 53. Kb6 Kd4 54. Kc7 Ke5 55. Kc6 f5 56. Bxf5 Nb3 57. Bd3 Nd4+ 1/2-1/2

[Event "XXVI. Rhein-Main-Open, Gruppe A"]
[Site "Bad Homburg vor der Höhe"]
[Date "2024.05.29"]
[Round "3"]
[White "Gerhard, Dominik"]
[Black "Iwanziw, Niklas"]
[Result "1/2-1/2"]
[WhiteElo "1781"]
[BlackElo "1932"]
[PlyCount "39"]
[EventDate "2024.??.??"]
[WhiteTeam "SV Oberursel"]
[BlackTeam "SF Neuberg"]

1. c4 c5 2. Nf3 Nf6 3. d4 cxd4 4. Nxd4 Nc6 5. Nc3 e6 6. a3 a6 7. e4 Bc5 8. Nb3 Be7 9. Be2 Qc7 10. O-O b6 11. Be3 d6 12. Rc1 Bb7 13. Nd5 exd5 14. cxd5 Qd7 15. dxc6 Bxc6 16. f3 Ba4 17. Qd3 Bxb3 18. Qxb3 b5 19. Rfd1 Qe6 20. Qc3 1/2-1/2

[Event "XXVI. Rhein-Main-Open, Gruppe A"]
[Site "Bad Homburg vor der Höhe"]
[Date "2024.05.29"]
[Round "3"]
[White "Haack, Kevin"]
[Black "Diedrichs, Ralf Christian"]
[Result "1-0"]
[WhiteElo "2286"]
[BlackElo "1932"]
[PlyCount "121"]
[EventDate "2024.??.??"]
[WhiteTeam "SV 1920 Hofheim"]
[BlackTeam "SG Holzminden"]

1. d4 c5 2. d5 e5 3. e4 d6 4. g3 a6 5. c4 Be7 6. h4 Nf6 7. Nc3 O-O 8. a4 Ne8 9. Bh3 Nd7 10. Nf3 Nc7 11. h5 b6 12. Qe2 Rb8 13. Kf1 Re8 14. g4 h6 15. g5 hxg5 16. Rg1 f6 17. Nh4 Nf8 18. Bf5 Bxf5 19. exf5 Nh7 20. Ng6 Qd7 21. Qg4 Bf8 22. Rh1 b5 23. h6 bxc4 24. hxg7 Bxg7 25. Kg2 Rec8 26. Rh3 Nf8 27. Nxf8 Kxf8 28. Be3 Qf7 29. Rd1 Ne8 30. Qxc4 Rxb2 31. Qxa6 Qb7 32. Qd3 Rb4 33. Rh7 Qd7 34. Bd2 Rd4 35. Qh3 Rb8 36. a5 Rb2 37. Be1 Qb7 38. Ra1 Qa6 39. Qf3 Rf4 40. Qh3 Nc7 41. Nd1 Rb8 42. Rh8+ Bxh8 43. Qxh8+ Ke7 44. Qxb8 Rg4+ 45. Kf3 Rf4+ 46. Kg3 Qe2 47. Qxc7+ Ke8 48. Qc8+ Kf7 49. Qe6+ Kf8 50. Qxf6+ Ke8 51. Qe6+ Kd8 52. Qxd6+ Ke8 53. Qc6+ Kd8 54. Qa8+ Kd7 55. Qc6+ Kd8 56. Qf6+ Kc8 57. Qf8+ Kd7 58. Qg7+ Kc8 59. Qg8+ Kd7 60. Qh7+ Kd8 61. Ne3 1-0

[Event "XXVI. Rhein-Main-Open, Gruppe A"]
[Site "Bad Homburg vor der Höhe"]
[Date "2024.05.29"]
[Round "3"]
[White "Hagner, Bennet"]
[Black "Marschner, Thomas"]
[Result "1-0"]
[WhiteElo "2314"]
[BlackElo "1965"]
[PlyCount "61"]
[EventDate "2024.??.??"]
[WhiteTeam "OSG Baden-Baden"]
[BlackTeam "SVG Eppstein 1932"]

1. e4 c5 2. Nc3 Nc6 3. Nge2 g6 4. d4 cxd4 5. Nxd4 Bg7 6. Be3 Nf6 7. Bc4 O-O 8. Bb3 d5 9. exd5 Na5 10. Qf3 Bg4 11. Qg3 a6 12. O-O Rc8 13. h3 Bd7 14. Rad1 Nxb3 15. axb3 Qa5 16. Rfe1 Rfd8 17. Ra1 Qb4 18. Na2 Qd6 19. Qxd6 exd6 20. c4 Ne4 21. Rad1 f5 22. f3 Nf6 23. Bf4 Ne8 24. Nc3 h6 25. Ne6 Bxe6 26. dxe6 g5 27. Be3 Rc6 28. Nd5 Bf6 29. Nb4 Rcc8 30. Bb6 Nc7 31. Bxc7 1-0

[Event "XXVI. Rhein-Main-Open, Gruppe A"]
[Site "Bad Homburg vor der Höhe"]
[Date "2024.05.29"]
[Round "3"]
[White "Henn, Jakob"]
[Black "Kopf, Rainer"]
[Result "1/2-1/2"]
[WhiteElo "1760"]
[BlackElo "1903"]
[PlyCount "85"]
[EventDate "2024.??.??"]
[WhiteTeam "SC Bad Nauheim"]
[BlackTeam "SC Bellheim"]

1. e4 c6 2. d4 d5 3. exd5 cxd5 4. Bd3 Nc6 5. c3 Qc7 6. Ne2 Nf6 7. h3 e6 8. Bf4 Bd6 9. Bxd6 Qxd6 10. O-O O-O 11. Nd2 b6 12. Re1 Bb7 13. Ng3 Ne7 14. Nh5 Nxh5 15. Qxh5 g6 16. Qg5 Kg7 17. Nf3 h6 18. Qd2 Rae8 19. Re2 Ng8 20. Rae1 Nf6 21. Ne5 Re7 22. Bb1 Nd7 23. Qd3 f5 24. Qg3 Nxe5 25. Qxe5+ Qxe5 26. Rxe5 Kf6 27. Bc2 Bc6 28. g3 a5 29. a4 h5 30. h4 Rb8 31. Ra1 Ra7 32. Bd3 Rd8 33. f3 Rd6 34. Kf2 Rd8 35. Ke2 Rb8 36. Kd2 b5 37. Rae1 Re7 38. axb5 Bxb5 39. Bxb5 Rxb5 40. Kc2 Rb6 41. R1e2 Reb7 42. Kb1 Rc7 43. Ka2 1/2-1/2

[Event "XXVI. Rhein-Main-Open, Gruppe A"]
[Site "Bad Homburg vor der Höhe"]
[Date "2024.05.29"]
[Round "3"]
[White "Hessler Carbonell, Louis"]
[Black "Pichl, Michael"]
[Result "1-0"]
[WhiteElo "1874"]
[BlackElo "1860"]
[PlyCount "41"]
[EventDate "2024.??.??"]
[WhiteTeam "SK Marburg 1931/72"]
[BlackTeam "SV Empor Erfurt"]

1. f4 c5 2. e4 g6 3. Nf3 Bg7 4. Bc4 e6 5. O-O Ne7 6. Nc3 O-O 7. d3 a6 8. a4 Nbc6 9. e5 b6 10. Ne4 Nf5 11. g4 d5 12. gxf5 dxe4 13. dxe4 exf5 14. Qxd8 Nxd8 15. Bd5 Bb7 16. Bxb7 Nxb7 17. exf5 gxf5 18. Nh4 Na5 19. Nxf5 Rad8 20. Ra3 Rfe8 21. Rg3 1-0

[Event "XXVI. Rhein-Main-Open, Gruppe A"]
[Site "Bad Homburg vor der Höhe"]
[Date "2024.05.29"]
[Round "3"]
[White "Hinz, Andre"]
[Black "Rabiya, Karim"]
[Result "0-1"]
[WhiteElo "1855"]
[BlackElo "1814"]
[PlyCount "102"]
[EventDate "2024.??.??"]
[WhiteTeam "SC Brett vorm Kopp Ffm"]
[BlackTeam "SK Niederbrechen 1948"]

1. c4 e5 2. Nc3 Nc6 3. Nf3 f5 4. g3 Nf6 5. d4 e4 6. Nh4 d5 7. f3 Bb4 8. Bh3 g6 9. O-O O-O 10. Bg5 Be7 11. cxd5 Nxd5 12. Bxe7 Ncxe7 13. Qb3 Be6 14. fxe4 Nf4 15. d5 Nxh3+ 16. Kg2 Bf7 17. Kxh3 fxe4 18. Kg2 Nxd5 19. Nxd5 Qxd5 20. Qc3 Be6 21. Kg1 Rad8 22. Rxf8+ Rxf8 23. Ng2 Qc4 24. Qe3 Bg4 25. Re1 c5 26. Rc1 Bxe2 27. Nf4 Qd4 28. Qxd4 cxd4 29. Nxe2 d3 30. Nf4 d2 31. Rd1 e3 32. Ne2 Rf2 33. Nc3 b5 34. b4 a5 35. a3 axb4 36. axb4 Rf5 37. Ne2 Kf7 38. Nd4 Rd5 39. Ne2 Kf6 40. Kg2 Rf5 41. Nc3 Ke5 42. h3 Kd4 43. Nb1 Kd3 44. g4 Rf4 45. Kg3 Rxb4 46. Kf3 g5 47. h4 h6 48. hxg5 hxg5 49. Kg3 Rf4 50. Kh3 b4 51. Kg3 Kc2 0-1

[Event "XXVI. Rhein-Main-Open, Gruppe A"]
[Site "Bad Homburg vor der Höhe"]
[Date "2024.05.29"]
[Round "3"]
[White "Hipler, Andreas"]
[Black "Schmidt, Kai Uwe"]
[Result "1-0"]
[WhiteElo "1884"]
[BlackElo "2001"]
[PlyCount "103"]
[EventDate "2024.??.??"]
[WhiteTeam "SK Gau-Algesheim"]
[BlackTeam "SC Pirmasens 1912"]

1. d4 Nf6 2. Nf3 g6 3. g3 Bg7 4. Bg2 O-O 5. O-O c6 6. b3 a5 7. Bb2 a4 8. a3 axb3 9. cxb3 d6 10. Nbd2 Na6 11. Qc2 Bd7 12. e4 Rc8 13. Rac1 c5 14. d5 b5 15. Rfe1 Qb6 16. Qd3 Rfd8 17. Rc2 h6 18. Nh4 e5 19. dxe6 Bxe6 20. Qf3 Nh7 21. Bxg7 Kxg7 22. Qc3+ f6 23. Qb2 Ng5 24. Nf1 Nf7 25. Ne3 Re8 26. Rd2 b4 27. a4 c4 28. bxc4 Bxc4 29. Nd5 Bxd5 30. Rxd5 b3 31. Rb5 Qa7 32. Rxb3 Nc5 33. Ra3 Ne5 34. Bf1 Qa5 35. Rd1 Nxe4 36. Qb7+ Nf7 37. Bb5 Rc7 38. Qd5 Re5 39. Qd3 Nfg5 40. Kg2 Nc3 41. Qxg6+ Kf8 42. Qxf6+ Nf7 43. Rxd6 Qa8+ 44. Bc6 Rxc6 45. Rxc6 Nd5 46. Ng6+ Kg8 47. Qf3 Qxc6 48. Nxe5 Nxe5 49. Qb3 Nc4 50. Qb8+ Kh7 51. Rf3 Ne5 52. Qxe5 1-0

[Event "XXVI. Rhein-Main-Open, Gruppe A"]
[Site "Bad Homburg vor der Höhe"]
[Date "2024.05.29"]
[Round "3"]
[White "Hoelss, Silas"]
[Black "Streit, Juergen"]
[Result "0-1"]
[WhiteElo "1756"]
[BlackElo "1884"]
[PlyCount "76"]
[EventDate "2024.??.??"]
[WhiteTeam "SSG Hungen-Lich"]
[BlackTeam "Schachzirk. Elstertal Langenberg"]

1. e4 c5 2. Nf3 e6 3. d4 cxd4 4. Nxd4 a6 5. c4 Nf6 6. e5 Qa5+ 7. Nc3 Qxe5+ 8. Be2 Nc6 9. Nf3 Qc7 10. O-O Be7 11. b3 O-O 12. Bb2 Rd8 13. Qc2 d5 14. cxd5 Nb4 15. Qb1 Nbxd5 16. Rc1 Nxc3 17. Bxc3 Qb6 18. Qb2 Bd7 19. Bd4 Qa5 20. Rc4 Rac8 21. b4 Qd5 22. Ne5 Bb5 23. Rxc8 Rxc8 24. Bf3 Ne4 25. a4 Be8 26. b5 axb5 27. Rd1 b6 28. Bxb6 Qb7 29. Qd4 f5 30. a5 Bf6 31. Bxe4 fxe4 32. Qd6 Qe7 33. Qxe7 Bxe7 34. Kf1 b4 35. a6 Bb5+ 36. Ke1 b3 37. a7 Bb4+ 38. Rd2 Rc1# 0-1

[Event "XXVI. Rhein-Main-Open, Gruppe A"]
[Site "Bad Homburg vor der Höhe"]
[Date "2024.05.29"]
[Round "3"]
[White "Hornung, Thomas"]
[Black "Stiller, Bjoern"]
[Result "1/2-1/2"]
[WhiteElo "2031"]
[BlackElo "1815"]
[PlyCount "92"]
[EventDate "2024.??.??"]
[WhiteTeam "SK Eberstadt 1924"]
[BlackTeam "SSG Hungen-Lich"]

1. d4 Nf6 2. c4 c5 3. d5 b5 4. cxb5 a6 5. e3 g6 6. Nc3 Bg7 7. Nf3 O-O 8. a4 e6 9. Bc4 d6 10. O-O exd5 11. Nxd5 Bb7 12. Ra3 Nbd7 13. Rd3 Ne4 14. Nc3 Ndf6 15. Nxe4 Nxe4 16. Bd5 Bxd5 17. Rxd5 axb5 18. axb5 Qb6 19. Qd3 Rfe8 20. Nd2 Nxd2 21. Bxd2 Rab8 22. Rxd6 Qxb5 23. Qxb5 Rxb5 24. Bc3 Bxc3 25. bxc3 Rb3 26. Rc1 Ra8 27. g3 Raa3 28. c4 Rc3 29. Rdd1 Kg7 30. Kg2 Kf6 31. Kf3 h5 32. h3 Rxc1 33. Rxc1 Ra2 34. Rc3 g5 35. e4 g4+ 36. hxg4 hxg4+ 37. Ke3 Ke6 38. f3 gxf3 39. Kxf3 Rd2 40. Kf4 Rf2+ 41. Ke3 Rg2 42. Kf4 Rf2+ 43. Rf3 Rc2 44. Ra3 Rf2+ 45. Ke3 Rg2 46. Kf3 Rc2 1/2-1/2

[Event "XXVI. Rhein-Main-Open, Gruppe A"]
[Site "Bad Homburg vor der Höhe"]
[Date "2024.05.29"]
[Round "3"]
[White "Jakob, Steffen"]
[Black "Gries, Volker"]
[Result "1/2-1/2"]
[WhiteElo "1836"]
[BlackElo "2064"]
[PlyCount "38"]
[EventDate "2024.??.??"]
[WhiteTeam "Sges Bensheim 1931"]
[BlackTeam "SV Oberursel"]

1. e4 e5 2. Nf3 Nf6 3. Nxe5 d6 4. Nf3 Nxe4 5. Nc3 Nxc3 6. dxc3 Be7 7. Be3 Bf5 8. Qd2 Nd7 9. O-O-O Nf6 10. Nd4 Bg6 11. f3 Nd5 12. Bb5+ Kf8 13. Rde1 a6 14. Bd3 Qd7 15. Bxg6 hxg6 16. Kb1 Nxe3 17. Qxe3 Rh5 18. Re2 Re5 19. Qd2 Rxe2 1/2-1/2

[Event "XXVI. Rhein-Main-Open, Gruppe A"]
[Site "Bad Homburg vor der Höhe"]
[Date "2024.05.29"]
[Round "3"]
[White "Jenisch, Achim"]
[Black "Fucik, Timo"]
[Result "1/2-1/2"]
[WhiteElo "1948"]
[BlackElo "1996"]
[PlyCount "57"]
[EventDate "2024.??.??"]
[WhiteTeam "SF Botvinnik Steinsfurt"]
[BlackTeam "SK 1926 Ettlingen"]

1. e4 c5 2. c4 Nc6 3. Nc3 g6 4. g3 Bg7 5. Bg2 d6 6. Nge2 Nf6 7. O-O O-O 8. d3 a6 9. Rb1 Rb8 10. a4 Bd7 11. h3 Nb4 12. Kh2 b5 13. b3 Qa5 14. axb5 axb5 15. Be3 bxc4 16. bxc4 Rfc8 17. f4 Nc6 18. Qd2 Rxb1 19. Rxb1 e6 20. Qc2 Nb4 21. Qd1 Ne8 22. Bf2 Bc6 23. Be1 Nc7 24. Ra1 Qb6 25. Rb1 Qa6 26. Ra1 Qb6 27. Rb1 Qa6 28. Ra1 Qb7 29. Rb1 1/2-1/2

[Event "XXVI. Rhein-Main-Open, Gruppe A"]
[Site "Bad Homburg vor der Höhe"]
[Date "2024.05.29"]
[Round "3"]
[White "Jonnek, Thomas"]
[Black "Gaertner, Johannes"]
[Result "1-0"]
[WhiteElo "1996"]
[BlackElo "1853"]
[PlyCount "49"]
[EventDate "2024.??.??"]
[WhiteTeam "SF Bremer Osten Bgh. Mahndorf"]
[BlackTeam "Sfr.Mainz 1928"]

1. d4 Nf6 2. Nf3 d5 3. Bf4 c5 4. e3 Nc6 5. c3 e6 6. Nbd2 Bd6 7. Bg3 O-O 8. Bd3 b6 9. Ne5 Bb7 10. f4 Nd7 11. Qf3 f6 12. Qh5 f5 13. Bh4 Nf6 14. Qf3 Be7 15. Bxf6 Bxf6 16. O-O c4 17. Nxc6 Bxc6 18. Bxc4 g5 19. Bd3 Kh8 20. Qe2 Rg8 21. Nf3 Qf8 22. Ne5 Be8 23. Bb5 Qh6 24. Bxe8 Raxe8 25. Nf7+ 1-0